LIBRARY & INFORMATION CENTRE, KCAET, TAVANUR

ONLINE PUBLIC ACCESS CATALOGUE (OPAC)

Tagore / (Record no. 4128)

MARC details
000 -LEADER
fixed length control field 00517cam a2200205ua 4500
041 ## - LANGUAGE CODE
Language code of text/sound track or separate title mal
082 ## - DEWEY DECIMAL CLASSIFICATION NUMBER
Classification number 928.94812
Item number VEN/TA
100 ## - MAIN ENTRY--AUTHOR NAME
Personal name Venkatesa aiyankar, Masti.
245 ## - TITLE STATEMENT
Title Tagore /
250 ## - EDITION STATEMENT
Edition statement 1 /
260 ## - PUBLICATION, DISTRIBUTION, ETC. (IMPRINT)
Place of publication Kottayam :
Name of publisher Sahitya Pravarthaka Co-operative Society ,
Year of publication 1961.
300 ## - PHYSICAL DESCRIPTION
Number of Pages 254 ; .
942 ## - ADDED ENTRY ELEMENTS (KOHA)
Koha item type Books
Holdings
Withdrawn status Lost status Damaged status Home library Current library Date acquired Full call number Accession Number Koha item type Public note
Withdrawn     KAUAET KAUAET 07/04/2012 928.94812 190 Books Deleted
Withdrawn     KAUAET Malayalam University 07/04/2012 928.94812 4648 Books  
Withdrawn     KAUAET Sanskrit University 07/04/2012 928.94812 8971 Books Transferred to Sanskrit University
free website counter